Welcome to Marium Abdulla Library

Embrace knowledge with a breath of fresh air.

Browse Collection

Marium Abdulla Library

Zenobia / (Record no. 15202)

MARC details
000 -LEADER
fixed length control field 01691cam a2200445 i 4500
001 - CONTROL NUMBER
control field 20558262
003 - CONTROL NUMBER IDENTIFIER
control field IVS
005 - DATE AND TIME OF LATEST TRANSACTION
control field 20250626031040.0
008 - FIXED-LENGTH DATA ELEMENTS--GENERAL INFORMATION
fixed length control field 180626s2018 nyua c 6 000 1 eng
010 ## - LIBRARY OF CONGRESS CONTROL NUMBER
LC control number 2018026406
020 ## - INTERNATIONAL STANDARD BOOK NUMBER
International Standard Book Number 9781609808730 (cloth)
020 ## - INTERNATIONAL STANDARD BOOK NUMBER
Canceled/invalid ISBN 9781609808747 (ebook)
040 ## - CATALOGING SOURCE
Original cataloging agency DLC
Language of cataloging eng
Transcribing agency DLC
Description conventions rda
Modifying agency DLC
041 1# - LANGUAGE CODE
Language code of text/sound track or separate title eng
Language code of original dan
042 ## - AUTHENTICATION CODE
Authentication code lcac
-- pcc
050 00 - LIBRARY OF CONGRESS CALL NUMBER
Classification number PZ7.7.D94
Item number Ze 2018
082 00 - DEWEY DECIMAL CLASSIFICATION NUMBER
Classification number 741.5 DUR
Edition information 23
084 ## - OTHER CLASSIFICATION NUMBER
Classification number JUV030110
-- JUV039030
Number source bisacsh
100 1# - MAIN ENTRY--PERSONAL NAME
Personal name Dürr, Morten,
Relator term author.
240 10 - UNIFORM TITLE
Uniform title Zenobia.
Language of a work English
245 10 - TITLE STATEMENT
Title Zenobia /
Statement of responsibility, etc. Morten Dürr ; illustrated by Lars Horneman.
264 #1 - PRODUCTION, PUBLICATION, DISTRIBUTION, MANUFACTURE, AND COPYRIGHT NOTICE
Place of production, publication, distribution, manufacture New York :
Name of producer, publisher, distributor, manufacturer Triangle Square,
Date of production, publication, distribution, manufacture, or copyright notice 2018.
300 ## - PHYSICAL DESCRIPTION
Extent 1 volume (unpaged) :
Other physical details color illustrations ;
Dimensions 25 cm
336 ## - CONTENT TYPE
Content type term text
Content type code txt
Source rdacontent
336 ## - CONTENT TYPE
Content type term still image
Content type code sti
Source rdacontent
337 ## - MEDIA TYPE
Media type term unmediated
Media type code n
Source rdamedia
338 ## - CARRIER TYPE
Carrier type term volume
Carrier type code nc
Source rdacarrier
520 ## - SUMMARY, ETC.
Summary, etc. When the Syrian war reaches Amina's village she is forced to escape, and during her perilous journey she thinks of the brave warrior Zenobia to remind her to stay strong.
600 01 - SUBJECT ADDED ENTRY--PERSONAL NAME
Personal name Zenobia,
Titles and other words associated with a name Queen of Palmyra
Form subdivision Fiction.
650 #1 - SUBJECT ADDED ENTRY--TOPICAL TERM
Topical term or geographic name entry element Refugees
Form subdivision Fiction.
650 #1 - SUBJECT ADDED ENTRY--TOPICAL TERM
Topical term or geographic name entry element Graphic novels.
650 #7 - SUBJECT ADDED ENTRY--TOPICAL TERM
Topical term or geographic name entry element JUVENILE FICTION / People & Places / Middle East.
Source of heading or term bisacsh
650 #7 - SUBJECT ADDED ENTRY--TOPICAL TERM
Topical term or geographic name entry element JUVENILE FICTION / Social Issues / Death & Dying.
Source of heading or term bisacsh
651 #1 - SUBJECT ADDED ENTRY--GEOGRAPHIC NAME
Geographic name Syria
General subdivision History
Chronological subdivision Civil War, 2011-
Form subdivision Fiction.
655 #0 - INDEX TERM--GENRE/FORM
Genre/form data or focus term Graphic novels.
700 1# - ADDED ENTRY--PERSONAL NAME
Personal name Horneman, Lars,
Relator term illustrator.
906 ## - LOCAL DATA ELEMENT F, LDF (RLIN)
a 7
b cbc
c orignew
d 1
e ecip
f 20
g y-gencatlg
942 ## - ADDED ENTRY ELEMENTS (KOHA)
Source of classification or shelving scheme Dewey Decimal Classification
Koha item type Book
Suppress in OPAC No
Holdings
Date last seen Total checkouts Full call number Barcode Price effective from Koha item type Lost status Source of classification or shelving scheme Damaged status Not for loan Collection Withdrawn status Home library Current library Shelving location Date acquired Source of acquisition Cost, normal purchase price
12/04/2024   741.5 DUR 21537 12/04/2024 Book   Dewey Decimal Classification         Marium Abdulla Library Marium Abdulla Library Non-Ref 12/04/2024 Blessing 6593.96